Представление документа в формате MARC21

Поле Инд. ПП Название Значение
Тип записи a
Библиографический уровень m
001 Контрольный номер RU/IS/BASE/314976895
005 Дата корректировки 20150513113618.6
020 a ISBN 978-5-238-01502-6
040 a Служба первич. каталог. НБ ТвГУ
b Код языка каталог. rus
e Правила каталог. PSBO
041 0_ a Код языка текста rus
080 a Индекс УДК 343.988(075.8)
084 a Индекс другой классификации/Индекс ББК Х515я73-1
090 a Полочн. индекс Х515
x Авторский знак В 18
100 1_ a Автор Варчук Татьяна Васильевна
q Полное имя Варчук Т. В.
245 10 a Заглавие Виктимология
b Продолж. заглавия учебное пособие для курсантов и слушателей образовательных учреждений высшего профессионального образования МВД России по специальности "Юриспруденция" : для студентов вузов, обучающихся по специальности "Юриспруденция"
c Ответственность под ред. засл. юриста РФ, д.ю.н., проф. С. Я. Лебедева
260 a Место издания Москва
b Издательство ЮНИТИ
b Издательство Закон и право
c Дата издания 2009
300 a Объем 191 с.
b Иллюстрации/ тип воспроизводства табл.
504 a Библиография Библиогр. в подстроч. примеч.
520 a Аннотация В пособии показаны история " виктимологии " зарождение виктимологической мысли и этапы формирования современной виктимологической науки; основные теоретические положения виктимологии ; проблемы виктимности социальных групп, учение о виктимологическом детерминизме. Определены виктимологическая профилактика и предупреждение преступности за рубежом и в России, а также виктимологическая безопасность и виктимологическое обеспечение национальной безопасности России.
Д ля курсантов, слушателей, адъюнктов и преподавателей высших и средних специальных учебных заведений системы МВД России, студентов, аспирантов и преподавателей юридических вузов, практических работников правоохранительных органов.
650 x Основная подрубрика Криминология
650 14 a Основная рубрика Виктимология
x Основная подрубрика Учебники для вузов
653 a Ключевые слова Виктимология
a Ключевые слова Криминология
700 a Другие авторы Вишневецкий Кирилл Валерьевич
q Полное имя Вишневецкий, К. В.
700 1_ a Другие авторы Лебедев Семен Яковлевич
e Роль лиц ред.
910 a гриф есть**
920 a Оператор Густ
930 a Новая/Ретро учебники
952 c Вид литературы К ру
954 a Дата поступления на обработку 20100125